| 000 | 01110nam a2200265Ia 4500 | ||
|---|---|---|---|
| 003 | OSt | ||
| 005 | 20221005103249.0 | ||
| 006 | a|||||r|||| 00| 0 | ||
| 007 | ta | ||
| 008 | 221004b |||||||| |||| 00| 0 hin d | ||
| 020 |
_a9788189482466 (hbk) _c595 |
||
| 024 | _a13691 | ||
| 037 |
_bSP/3343, 19/03/2014, Star Publications Pvt. Ltd. _cTextual |
||
| 040 |
_aCRL _cCRL _bhin |
||
| 041 |
_2hin _ahin |
||
| 082 | _aO152,1(S:56):g, Q1 | ||
| 100 |
_aडी. आर. जयप्रकाश _9168200 |
||
| 245 | 0 | _aहिन्दी और कन्नड के शोककाव्यों का तुलनात्मक अध्ययन | |
| 246 | _aHindī aur kannaḍ ke shokakāvyoan kā tulanātmak adhyayana | ||
| 260 |
_aगाजियाबाद _bआकाश पब्लिशर्स भारत _c2011 |
||
| 300 |
_a312पृ0 _ccm. |
||
| 650 | _aहिन्दी साहित्य | ||
| 942 |
_hO152,1(S:56):g, Q1 _cTEXL _2cc |
||
| 999 |
_c1009728 _d1009728 |
||